Movies Quiz

Random Movies or Quote Quiz

AFI Quotes Extravaganza Quiz Stats

 Plays Quiz Updated Jul 13, 2018

Challenge
Share
Tweet
Embed
Score 0/45 Timer 08:00
16 Plays Today
% Correct
The Wizard of Oz
94.4%
James Bond
93.8%
Star Wars
92.1%
Apollo 13
90.8%
Dorothy Gale
90.3%
The Godfather
89.2%
Tom Hanks
85.9%
Gone with the Wind
85.9%
The Lord of the Rings: The Two Towers
84.5%
Sean Connery
84.1%
Scarface
82.8%
Al Pacino
80.9%
Casablanca
80.1%
Robert De Niro
79.6%
Marlon Brando
78.5%
Taxi Driver
78.5%
A Few Good Men
77.9%
Judy Garland
77.1%
Jack Nicholson
76.9%
Citizen Kane
76.1%
Clint Eastwood
75.3%
Gollum
73.9%
Psycho
72.6%
% Correct
Harry Callahan
72.1%
Wall Street
72%
Vito Corleone
71.3%
Humphrey Bogart
67.9%
Michael Douglas
66.2%
Clark Gable
60.4%
Norman Bates
60.1%
Gordon Gekko
59.9%
Rhett Butler
59.1%
Charles Foster Kane
57.4%
Orson Welles
56.8%
Goldfinger
56.3%
Harrison Ford
54.6%
Han Solo
54%
Tony Montana
49.6%
Andy Serkis
41.9%
Anthony Perkins
40.4%
Travis Bickle
36.6%
Jim Lovell
31.4%
Sudden Impact
28.6%
Rick Blaine
27.8%
Col. Nathan Jessup
25.2%

You're not logged in!

Compare scores with friends on all Sporcle quizzes.
OR
Log In

You Might Also Like...

Show Comments

Extras

Top Quizzes Today


Score Distribution

Your Account Isn't Verified!

In order to create a playlist on Sporcle, you need to verify the email address you used during registration. Go to your Sporcle Settings to finish the process.

Report this User

Report this user for behavior that violates our Community Guidelines.

Details: